WWE superstars by alternate names #2 - Statistics

General Stats
  • This quiz has been taken 249 times
  • The average score is 10 of 20
Answer Stats
Hint Answer % Correct
Bully Ray Bubba Ray Dudley
89%
Kevin Steen Kevin Owens
85%
El Generico Sami Zayn
72%
Syxx X-Pac
69%
Prince Devitt Finn Balor
66%
Paul E. Dangerously Paul Heyman
62%
Nicky Dolph Ziggler
53%
Awesome Kong Kharma
52%
Prince Puma Ricochet
46%
The Shockmaster Tugboat / Typhoon
42%
BG James Road Dogg
41%
Samuray del Sol Kalisto
40%
Leakee Roman Reigns
40%
The Pegasus Kid Chris Benoit
39%
Kip James Billy Gunn
38%
Johnny B. Badd Marc Mero
38%
Dos Caras Jr. Alberto Del Rio
32%
Black Tiger II Eddie Guerrero
32%
Big Ryck Ezekiel Jackson
20%
Tina Ferrari Ivory
15%
No matching quizzes found
Score Distribution
Percent of People with Each Score
Percentile by Number Answered
Your Score History
You have not taken this quiz